Score 0/25 Timer 07:00
0 Plays Today
% Correct
Molokai
95.7%
Boston
95.7%
Kuala Lumpur
94.4%
Wokingham
94%
Abu Dhabi
93.5%
Qikiqtarjuaq
93.1%
Gdansk
92.7%
Ipswich
92.7%
Ottery St Mary
92.2%
Cremona
91.8%
St Petersburg
91.8%
Vaduz
91.8%
Yverdon-les-bains
90.9%
% Correct
Timbuktu
90.9%
Xinzhou
90.9%
Limerick
90.5%
Uskerty
90.1%
Helsinki
89.2%
Johannesburg
87.1%
Douz
85.3%
Fitton
81%
Rotterdam
77.2%
Edinburgh
77.2%
Newcastle
75%
Paris
70.3%
Remove Ads.
Support Sporcle.
Get the best of Sporcle when you Go Orange. This ad-free experience offers more features, more stats, and more fun while also helping to support Sporcle. Thank you for becoming a member.

You're not logged in!

Compare scores with friends on all Sporcle quizzes.
OR
Log In

Show Comments

Extras

Top Quizzes Today


Score Distribution

Your Account Isn't Verified!

In order to create a playlist on Sporcle, you need to verify the email address you used during registration. Go to your Sporcle Settings to finish the process.

Report this User

Report this user for behavior that violates our Community Guidelines.

Details: